| 000 | 00654nam a22002057a 4500 | ||
|---|---|---|---|
| 005 | 20171118131619.0 | ||
| 010 | _aENG-121465 | ||
| 020 |
_a9789325987449 _c175.00 |
||
| 035 | _aEN-104997 | ||
| 037 | _bDBAD/PUB | ||
| 082 | _a658.1511 | ||
| 100 | _a Geetha,S. | ||
| 245 |
_aManagement accounting : _cby Geetha S. [and] Shaware Saleem _bbachelor of commerce Banglore University / |
||
| 260 |
_aNoida _bVikas Publishing House _c2015 |
||
| 270 |
_aE-28, Sector 8, _bNoida (UP) _e201301 |
||
| 300 |
_axiii,161p. _c24cm(pbk) |
||
| 505 | _a(semester vi)subject code 6.4 | ||
| 700 | _aSaleem, Shawar | ||
| 942 |
_2ddc _cEN _h658.1511 _mSGE |
||
| 999 |
_c147547 _d147547 |
||